• 首页
  • 本馆介绍
  • 公告通知
  • 最新文献
  • 馆藏检索
  • 电子资源
  • 读者导购
  • 参考咨询
  • 我的图书馆
  • 登录
  • 详细信息显示
  • 放入我的书架
  • 预约/预借图书
  • 作者相关作品
  • 分类相关作品
  • 丛书相关作品
  • 出版社相关作品

书目信息

  • 表格格式
  • 工作单格式
  • 卡片格式
题名:
汉语风格学
    
 
作者: 黎运汉 著
分册:  
出版信息: 广州   广东教育出版社  2000
页数: 524页
开本: 20cm
丛书名:
单 册:
中图分类: H151
科图分类:
主题词: 汉语--风格学
电子资源:
ISBN: 7-5406-4174-6
000 00565nam0 2200205 45
001 0312161053
005 20031219104123.1
010    @a7-5406-4174-6@dCNY28.00
100    @a20031216d2000 km y0chiy0120 ea
101 0  @achi
105    @a z 000yy
200 1  @a汉语风格学@AHan Yu Feng Ge Xue@f黎运汉著@FLi Yun Han Zhu
210    @a广州@c广东教育出版社@d2000
215    @a524页@d20cm
300    @a附录:本书主要参考论著一览表
606 0  @a汉语@x风格学
690    @aH151@v4
701  0 @a黎运汉@4著
801    @aCN@bTSTC@c20031216
905    @b330143-147@dH151@e268@f5
    
    汉语风格学/黎运汉著.-广州:广东教育出版社,2000
    524页;20cm
    附录:本书主要参考论著一览表
    
    ISBN 7-5406-4174-6:CNY28.00
    
●
相关链接 在E读中查询图书 在五车中查询图书 在当当中查询图书 在豆瓣中查询图书


正题名:汉语风格学     索取号:H151/268         预约/预借

序号 登录号 条形码 馆藏地/架位号 状态 备注
1 0330143   203301435   第四借阅区/ [索取号:H151/268] 在馆    
2 0330144   203301444   第四借阅区/ [索取号:H151/268] 在馆    
3 0330145   203301453   第四借阅区/ [索取号:H151/268] 在馆    
4 0330146   203301462   第四借阅区/ [索取号:H151/268] 在馆    
5 0330147   203301471   第二样本阅览室/ [索取号:H151/268] 在馆    
唐山师范学院图书馆 欢迎您!
大连网信软件有限公司© 版权所有